Diccionario panhispánico de dudas.

Furkejuvvon:
Bibliográfalaš dieđut
Searvvušdahkkit: Real Academia Española (autor), Asociación de Academias de la Lengua Española (autor)
Materiálatiipa: Girji
Giella:espánnjágiella
Almmustuhtton: Madrid, España: Santillana Ediciones Generales, 2005.
Fáttát:
Fáddágilkorat: Lasit fáddágilkoriid
Eai fáddágilkorat, Lasit vuosttaš fáddágilkora!

MARC

LEADER 00000cam a2200000 a 4500
001 UCK8307
003 CL-VaPUC
005 20240926125254.0
008 060310e20050000CK |||||||||||||||||spa|d
999 |c 316020  |d 316018 
020 |a 958-7043685 
040 |c Pontificia Universidad Católica de Valparaíso 
082 0 4 |a 463 REA 2005  |2 21 
110 2 |a Real Academia Española  |e autor  |9 498108 
245 1 0 |a Diccionario panhispánico de dudas. 
260 |a Madrid, España:   |b Santillana Ediciones Generales,  |c 2005.  
300 |a 848 páginas.  
500 |a c.12 Donación Familia Prof. Alejandro Guzmán Brito. c.13 Donación ELE 9-9-2024. 
583 |a last modification  |c 20171031 11:00:27  |k Rodrigo Vera 
650 0 |a Español  |9 255372  |x Diccionario 
650 0 |a Gramática  |9 270497 
710 |a Asociación de Academias de la Lengua Española  |9 551502  |e autor 
942 |c BK  |2 ddc  |n 0 
945 |d 20060310 00:00:00  |a jtorresc 
952 |0 0  |1 0  |2 ddc  |4 0  |6 463_000000000000000_REA_2005  |7 0  |8 A  |9 390056  |a BIBCUR  |b BIBCUR  |d 2019-11-22  |i 4211286  |l 1  |o 463 REA 2005  |p 4211286  |r 2025-04-22  |s 2025-01-06  |w 2019-11-22  |y BK  |k PER 
952 |0 0  |1 0  |4 0  |6 463_000000000000000_REA_2005  |7 0  |8 A  |9 390059  |a FDOPOS  |b FDOPOS  |d 2019-11-22  |i 4232577  |o 463 REA 2005  |p 4232577  |r 2025-01-22  |w 2019-11-22  |y BK  |k MLA 
952 |0 0  |1 0  |4 0  |6 463_000000000000000_REA_2005  |7 0  |8 A  |9 390060  |a FDOPOS  |b FDOPOS  |d 2019-11-22  |i 4232585  |o 463 REA 2005  |p 4232585  |r 2025-01-22  |w 2019-11-22  |y BK  |k MLA 
952 |0 0  |1 0  |4 0  |6 463_000000000000000_REA_2005  |7 0  |8 F  |9 390061  |a BIBEDU  |b BIBEDU  |d 2019-11-22  |i 4235835  |o 463 REA 2005  |p 4235835  |r 2023-01-13  |w 2019-11-22  |y BK_F  |k LIT 
952 |0 0  |1 0  |4 0  |6 463_000000000000000_REA_2005  |7 0  |8 F  |9 390062  |a BIBEDU  |b BIBEDU  |d 2019-11-22  |i 4235843  |o 463 REA 2005  |p 4235843  |r 2023-01-13  |w 2019-11-22  |y BK_F  |k LIT 
952 |0 0  |1 0  |4 0  |6 463_000000000000000_REA_2005  |7 0  |8 X  |9 390064  |a BIBING  |b BIBING  |d 2019-11-22  |i 4836944  |o 463 REA 2005  |p 4836944  |r 2025-01-20  |w 2019-11-22  |y BK_X  |k CUI 
952 |0 0  |1 0  |2 ddc  |4 0  |6 463_000000000000000_REA_2005  |7 1  |8 C_AGB  |9 580350  |a BIBDER  |b BIBDER  |d 2022-01-10  |e Donación   |i 5636795  |o 463 REA 2005  |p 5636795  |r 2023-01-25  |t 12  |w 2022-01-10  |y BK_US  |k AGB 
952 |0 0  |1 0  |2 ddc  |4 0  |6 463_000000000000000_REA_2005  |7 0  |8 A  |9 597015  |a BIBGIM  |b BIBGIM  |d 2024-09-26  |e Donación  |i 5662849  |o 463 REA 2005  |p 5662849  |r 2025-01-15  |t 13  |w 2024-09-26  |y BK  |k ELE